header

Protecting public health at Superfund sites (Record no. 60021)

MARC details
000 -LEADER
fixed length control field 01491nam a2200337Ia 4500
100 1# - MAIN ENTRY--AUTHOR NAME
Personal name Breggin, Linda.
245 10 - TITLE STATEMENT
Title Protecting public health at Superfund sites
260 ## - PUBLICATION, DISTRIBUTION, ETC. (IMPRINT)
Place of publication Washington, DC :
Name of publisher Environmental Law Institute,
Year of publication 1999.
300 ## - PHYSICAL DESCRIPTION
Number of Pages vi, 121 p. :
Other physical details ill.
490 1# - SERIES STATEMENT
Series statement Environmental Law Institute research report
650 #0 - SUBJECT ADDED ENTRY--TOPICAL TERM
Topical Term Hazardous wastes
Topical Term Liability for hazardous substances pollution damages
700 1# - ADDED ENTRY--PERSONAL NAME
Personal name Pendergrass, John,
Personal name Van Berg, Jill.
856 40 - ELECTRONIC LOCATION AND ACCESS
Uniform Resource Identifier http://site.ebrary.com/lib/rucke/Doc?id=10040015

No items available.

© 2026 Rongo University
Contact us: librarian | system librarian | Rongo university